Giáo trình hiệu quả và quản lý dự án nhà nước
Sách cung cấp những kiến thức cơ bản về các vấn đề hiệu quả và quản lý dự án nhà nước.
محفوظ في:
| المؤلف الرئيسي: | |
|---|---|
| التنسيق: | كتاب |
| اللغة: | Undetermined |
| منشور في: |
Hà Nội
Khoa học và Kỹ thuật
2001
|
| الموضوعات: | |
| الوسوم: |
إضافة وسم
لا توجد وسوم, كن أول من يضع وسما على هذه التسجيلة!
|
| Thư viện lưu trữ: | Trung tâm Học liệu Trường Đại học Cần Thơ |
|---|
| LEADER | 00848nam a2200229Ia 4500 | ||
|---|---|---|---|
| 001 | CTU_190732 | ||
| 008 | 210402s9999 xx 000 0 und d | ||
| 020 | |c 28000 | ||
| 082 | |a 658.404 | ||
| 082 | |b B566 | ||
| 100 | |a Mai, Văn Bưu | ||
| 245 | 0 | |a Giáo trình hiệu quả và quản lý dự án nhà nước | |
| 245 | 0 | |c Mai Văn Bưu chủ biên | |
| 260 | |a Hà Nội | ||
| 260 | |b Khoa học và Kỹ thuật | ||
| 260 | |c 2001 | ||
| 520 | |a Sách cung cấp những kiến thức cơ bản về các vấn đề hiệu quả và quản lý dự án nhà nước. | ||
| 526 | |a Thẩm định dự án đầu tư | ||
| 526 | |b KT735 | ||
| 650 | |a Project management,Quản trị dự án | ||
| 910 | |a Hải | ||
| 980 | |a Trung tâm Học liệu Trường Đại học Cần Thơ | ||